LIBRARY & INFORMATION CENTRE, KCAET, TAVANUR

ONLINE PUBLIC ACCESS CATALOGUE (OPAC)

Normal view MARC view
  • Vennikkulam

Entry Personal Name

Number of records used in: 2

001 - CONTROL NUMBER

  • control field: 5521

003 - CONTROL NUMBER IDENTIFIER

  • control field: OSt

005 - DATE AND TIME OF LATEST TRANSACTION

  • control field: 20231012112318.0

008 - FIXED-LENGTH DATA ELEMENTS

  • fixed length control field: 231012|| aca||aabn | a|a d

040 ## - CATALOGING SOURCE

  • Original cataloging agency: OSt
  • Transcribing agency: OSt

100 ## - HEADING--PERSONAL NAME

  • Personal name: Vennikkulam

670 ## - SOURCE DATA FOUND

  • Source citation: Work cat.: (OSt)17739: Vennikkulam, Bharathiyude Kavithakal, 1962
free website counter